| 000 | 00493agd a2200193 4500 | ||
|---|---|---|---|
| 005 | 20170606182429.0 | ||
| 008 | 150610b xxu||||| |||| 00| 0 spa d | ||
| 041 | _aEspañol | ||
| 082 | _a237 DVD | ||
| 100 |
_aTschohl, John _95947 |
||
| 245 | _aEl lenguaje de la comunicación positiva | ||
| 260 | _aMéxico | ||
| 260 | _c2004 | ||
| 300 | _a19 minutos | ||
| 650 |
_aSERVICIO AL CLIENTE _91558 |
||
| 650 |
_aCOMUNICACIÓN _9490 |
||
| 650 |
_aESTRATEGIAS DE TRABAJO _942953 |
||
| 942 | _cDVD | ||
| 999 |
_c9524 _d9524 |
||